000
00251nam a2200097Ia 4500
001
1209750
005
20250827022912.0
008
250824s9999 xx 000 0 und d
245
0
_a
GAZAP ÜZÜMLERİ
_c
JOHN STEİNBECK
260
_b
İLETİŞİM YAYINLARI
999
_c
1209750
_d
1209750